[Event "ROM-ch U12"]
[Site "Calimanesti"]
[Date "2018.03.29"]
[Round "4"]
[White "Husaru, Remus George"]
[Black "Nedelcu, Alexandru Nicholas"]
[Result "1-0"]
[WhiteElo "1222"]
[BlackElo "1003"]
[PlyCount "93"]
[EventDate "2018.03.27"]
[EventType "swiss"]
[EventRounds "9"]
[EventCountry "ROU"]
[SourceTitle "CBM 183 Extra"]
[Source "ChessBase"]
[SourceDate "2018.04.19"]
[SourceVersion "1"]
[SourceVersionDate "2018.04.19"]
[SourceQuality "1"]

1. e4 d5 2. exd5 Qxd5 3. Nc3 Qa5 4. d4 Nf6 5. Bd2 c6 6. Nf3 Bg4 7. Be2 Bxf3 8. Bxf3 Qc7 9. 0-0 e6 10. g3 Be7 11. Bf4 Bd6 12. Bxd6 Qxd6 13. Ne4 Nxe4 14. Bxe4 Nd7 15. Re1 Nf6 16. c4 Nxe4 17. Rxe4 0-0-0 18. Qe2 c5 19. dxc5 Qxc5 20. b3 Qd6 21. Rc1 Qd2 22. Rc2 Qxe2 23. Rexe2 Rd3 24. Red2 Rhd8 25. Rxd3 Rxd3 26. Kf1 Kc7 27. Ke2 Rd6 28. Rd2 Rxd2+ 29. Kxd2 Kd6 30. Kd3 Kc5 31. a3 a5 32. Kc3 f5 33. f4 Kd6 34. Kd4 b6 35. b4 h6 36. h4 h5 37. c5+ Kc6 38. cxb6 axb4 39. axb4 Kxb6 40. Ke5 Kb5 41. Kxe6 Kxb4 42. Kxf5 Kc4 43. Kg5 Kd4 44. Kxh5 Ke4 45. Kg6 Kf3 46. Kxg7 Kxg3 47. f5 1-0

[Event "ROM-ch U12"]
[Site "Calimanesti"]
[Date "2018.03.27"]
[Round "1"]
[White "Melinte, Rares Andrei"]
[Black "Husaru, Remus George"]
[Result "1-0"]
[WhiteElo "1588"]
[BlackElo "1222"]
[PlyCount "81"]
[EventDate "2018.03.27"]
[EventType "swiss"]
[EventRounds "9"]
[EventCountry "ROU"]
[SourceTitle "CBM 183 Extra"]
[Source "ChessBase"]
[SourceDate "2018.04.19"]
[SourceVersion "1"]
[SourceVersionDate "2018.04.19"]
[SourceQuality "1"]

1. d4 d5 2. c4 e6 3. Nf3 Nc6 4. e3 Nf6 5. Bd3 Bb4+ 6. Bd2 0-0 7. 0-0 Qe7 8. Nc3 dxc4 9. Bxc4 Bxc3 10. Bxc3 Ne4 11. Bd3 Nxc3 12. bxc3 e5 13. Qc2 h6 14. Bb5 exd4 15. cxd4 Nb8 16. Rac1 c6 17. Bd3 Be6 18. e4 Nd7 19. h3 Qf6 20. Rfe1 Nb6 21. Qe2 Rfe8 22. e5 Qd8 23. Qe4 f5 24. exf6 Qxf6 25. Ne5 Kf8 26. Re3 Bd5 27. Qh7 Qg5 28. Qh8+ Bg8 29. Rce1 Re6 30. Bh7 Ke7 31. Bxg8 h5 32. Ng6+ Kd7 33. Bxe6+ Kc7 34. Qxg7+ Nd7 35. Qxd7+ Kb6 36. Rb3+ Ka5 37. Re5+ Qxe5 38. dxe5 Rb8 39. Qd2+ Ka6 40. Ra3+ Kb6 41. Qa5# 1-0

[Event "ROM-ch U12"]
[Site "Baile Felix"]
[Date "2017.02.08"]
[Round "8"]
[White "Coman, Gabriel Flavius"]
[Black "Husaru, Remus George"]
[Result "1-0"]
[WhiteElo "1404"]
[BlackElo "1144"]
[PlyCount "53"]
[EventDate "2017.02.02"]
[EventType "swiss"]
[EventRounds "9"]
[EventCountry "ROU"]
[SourceTitle "CBM 176 Extra"]
[Source "ChessBase"]
[SourceDate "2017.03.02"]
[SourceVersion "1"]
[SourceVersionDate "2017.03.02"]
[SourceQuality "1"]

1. e4 e5 2. Nf3 Nc6 3. Bc4 Nf6 4. Nc3 Bc5 5. 0-0 0-0 6. d3 d6 7. h3 Be6 8. Bb3 h6 9. Be3 Bb6 10. Qd2 Qd7 11. Kh2 Rfe8 12. Nd5 Bxd5 13. exd5 Na5 14. c4 Nxb3 15. axb3 Bxe3 16. fxe3 b5 17. Ra2 c6 18. dxc6 Qxc6 19. Rfa1 bxc4 20. bxc4 e4 21. Nd4 Qc7 22. Nb5 Qc5 23. b4 Qb6 24. Ra6 Qb8 25. Kh1 exd3 26. Qxd3 Ne4 27. Kg1 1-0